00449nam a22001697a 450000500170000001000130001702000230003003500130005303700100006608200080007610000160008424500480010026000430014827000420019130000260023365000200025920111011143959.0 aG-001748 c200.00a8188473766 aG-001748 bGift  a515 aBrij Mohan  aThe intermediate calculus /cby Brij Mohan  aNew Delhi bArunodayanprakashan c2009 a21-A, Daryaganj, bNew Delhi e110002 avi, 168p. c19cm (Hb) aEnglish Poetry